000 00412nam a2200181Ia 4500
008 210210b1974 xxu||||| |||| 00| 0 eng d
082 _a589.2 GOVT
100 _aPRAKASH (Govind).
245 _aTextbook of fungi.
250 _a
260 _aMeerut
_bJai Prakash Nath & Co.,
_c1974
300 _ax,391
650 _aTextbook
650 _aof
650 _afungi.
690 _aBotany
906 _aSG01008
999 _c112138
_d112138